El principito

שמור ב:
מידע ביבליוגרפי
מחבר ראשי: Saint Exupéry, Antoine (Author)
פורמט: ספר
שפה:ספרדית
יצא לאור: Santiago Alba 2003
מהדורה:1a. ed
נושאים:
תגים: הוספת תג
אין תגיות, היה/י הראשונ/ה לתייג את הרשומה!

MARC

LEADER 00000cam a2200000 a 4500
001 UCF7477
003 CL-VaPUC
008 130627e20030000CL |||||||||||||||||spa|d
020 |a 9568187340 
082 0 4 |a 843  |b SAI  |2 21 
100 0 |a Saint Exupéry, Antoine  |e author  |9 569510 
245 1 3 |a El principito 
250 |a 1a. ed 
300 |a 79 p 
942 |c BK 
945 |d 20130627 00:00:00  |a cmena 
260 |a Santiago  |b Alba  |c 2003 
650 0 |a Novela francesa  |9 264985 
650 0 |a Novelas juveniles  |9 545094 
650 0 |a Literatura francesa  |9 266330 
583 |a last modification  |c 20130627 13:18:00  |k Rodrigo Vera 
999 |c 352300  |d 352298